Szczegóły MARC21

Podstawy informatyki w transporcie : praca zbiorowa /

003 -Nazwa inst., której nr kontr. jest w polu 001 [,]
    • @
    • Nazwa instytucji, której n kontrolny jest w polu 001
    • NUKAT
005 -DATA I CZAS OSTATNIEJ MODYFIKACJI [,]
    • @
    • pole kontrolne
    • 20241231110255.0
020 -Międzynarod. znormalizowany nr książki - ISBN [ , ]
    • a
    • Numer ISBN
    • 8320605334 Find
040 -Instytucja sporządzająca opis [ , ]
    • a
    • Instytucja, która sporządziła opis (NP)
    • GD U/EN
    • c
    • Instytucja, która sporządziła rekord (NP)
    • GD U/EN
    • d
    • Instytucja, która zmodyfikowała rekord (P)
    • GD U/EN
    • d
    • Instytucja, która zmodyfikowała rekord (P)
    • GD U/ENs
    • d
    • Instytucja, która zmodyfikowała rekord (P)
    • Ł 30/JM
942 -Rodzaj dokumentu [ , ]
    • c
    • Rodzaj dokumentu
    • Książka
245 -Strefa tytułu i oznaczenia odpowiedzialności [0,0]
    • a
    • Tytuł
    • Podstawy informatyki w transporcie : Find
    • b
    • Ciąg dalszy tytułu (NP)
    • praca zbiorowa / Find
    • c
    • Pozostałe elementy strefy tytułu i oznaczenia odpowiedzialności (NP)
    • pod kierunkiem Tadeusza Wierzbickiego ; [poszczególne rozdz. oprac. Jozef Perenc et al.].
250 -Strefa wydania [ , ]
    • a
    • Oznaczenie wydania (NP)
    • Wyd. 2 popr. i uzup.
260 -Strefa adresu wydawniczego [ , ]
    • a
    • Miejsce wydania (P)
    • Warszawa :
    • b
    • Nazwa wydawcy (P)
    • Wydawnictwa Komunikacji i Łączności,
    • c
    • Data wydania (P)
    • 1984.
300 -Strefa opisu fizycznego [ , ]
    • a
    • Określenie formy książki i/lub objętość (NP)
    • 277 s. :
    • b
    • Oznaczenie ilustracji (NP)
    • il. ;
    • c
    • Format (NP)
    • 21 cm.
336 -Typ zawartości [ , ]
    • a
    • Termin opisujący typ zawartości
    • Tekst
    • b
    • Kod określający zawartość
    • txt
    • 2
    • Źródło (terminu i kodu)
    • rdacontent
337 -Typ mediów [ , ]
    • a
    • Tryb odtwarzania
    • Bez urządzenia pośredniczącego
    • b
    • Kod typu mediów
    • n
    • 2
    • Źródło (terminu i kodu)
    • rdamedia
338 -Typ/rodzaj nośnika [ , ]
    • a
    • Hasło opisujące typ nośnika
    • Wolumin
    • b
    • Kod typu nośnika
    • nc
    • 2
    • Źródło (terminu i kodu)
    • rdacarrier
504 -Uwaga dot. bibliogr. załącznikowej [ , ]
    • a
    • Uwaga dot. bibliografii załącznikowej
    • Bibliogr. 276-277.
080 -Uniwersalna Klasyfikacja Dziesiętna [ , ]
    • 2
    • Identyfikator wydania tablic
    • UDC-P058
    • 9
    • UKD
    • 5535
    • a
    • Symbol klasyfikacji
    • 656
    • b
    • Dopowiedzenie
    • Transport. Poczta (Organizacja i eksploatacja).
    • 4
    • UKD2
    • 8594
    • x
    • Poddział wspólny
    • (07)
    • c
    • Dopowiedzenie poddz. wspólnego
    • (Wydawnictwa dydaktyczne. Podręczniki).
080 -Uniwersalna Klasyfikacja Dziesiętna [ , ]
    • 2
    • Identyfikator wydania tablic
    • UDC-P058
    • 9
    • UKD
    • 1951
    • a
    • Symbol klasyfikacji
    • 004
    • b
    • Dopowiedzenie
    • Informatyka i technika komputerowa.
    • 4
    • UKD2
    • 8594
    • x
    • Poddział wspólny
    • (07)
    • c
    • Dopowiedzenie poddz. wspólnego
    • (Wydawnictwa dydaktyczne. Podręczniki).
650 -Hasło przedmiotowe [ ,7]
    • a
    • Hasło przedmiotowe
    • Transport
    • x
    • Określnik rzeczowy
    • informatyka.
    • 2
    • Źródło terminu
    • kaba
    • 9
    • KHW
    • 392442
980 -Symbol UKD [ , ]
    • a
    • UKD
    • 656:004](07)
700 -Hasło dodatkowe - nazwa osobowa [1, ]
    • a
    • Nazwa osobowa (NP)
    • Wierzbicki, Tadeusz. Find
    • e
    • Określenie rodzaju współpracy
    • Red.
    • 9
    • KHW
    • 28189
700 -Hasło dodatkowe - nazwa osobowa [1, ]
    • a
    • Nazwa osobowa (NP)
    • Perenc, Józef Find
    • d
    • Daty biograficzne (NP)
    • (1945- ).
    • 9
    • KHW
    • 854
710 -Hasło dodatkowe - nazwa ciała zbiorowego [2, ]
    • a
    • Nazwa ciała zbiorowego lub nazwa geograficzna jako pierwszy element (NP)
    • Wydawnictwa Komunikacji i Łączności.
    • 4
    • Kod relacji
    • pbl
    • 9
    • KHW
    • 53408
920 -ISBN [ , ]
    • a
    • ISBN
    • 83-206-0533-4 Find
Lokalizacja Data inwentaryzacji Uwagi nie widoczne w OPAC Status udost. Numer inwentarzowy Sygnatura
BE retrokonwersja-2E.54953 
BE retrokonwersja2S.53859 
BE retrokonwersja2S.57293 
BE retrokonwersja2S.57294 
BE retrokonwersja2S.57295 
BE retrokonwersja2S.57296 
BE retrokonwersja2S.57297 
BE retrokonwersja2S.57298 
BE retrokonwersja2S.57299 
BE retrokonwersja2S.57300 
BE retrokonwersja2S.57301 
BE retrokonwersja2S.57302 
BE retrokonwersja2S.57303 
BE retrokonwersja2S.57304 
BE retrokonwersja2S.57305 
BE retrokonwersja2S.57306 
BE retrokonwersja2S.57307 
BE retrokonwersja2S.57308 
BE retrokonwersja2S.57309 
BE retrokonwersja2S.57310 
BE retrokonwersja2S.57311 
BE retrokonwersja2S.57312 
BE retrokonwersja2S.57313 
BE retrokonwersja2S.57314 
BE retrokonwersja2S.57315 
BE retrokonwersja2S.57316 
BE retrokonwersja2S.57317 
BE retrokonwersja2S.57318 
BE retrokonwersja2S.57319 
BE retrokonwersja2S.57320 
BE retrokonwersja2S.57321 
BE retrokonwersja2S.57322 
BE retrokonwersja2S.57323 
BE retrokonwersja2S.57324 
BE retrokonwersja2S.57325 
BE retrokonwersja2S.57326 
BE retrokonwersja2S.57327 
BE retrokonwersja2S.57328 
BE retrokonwersja2S.57329 
BE retrokonwersja2S.57330 
BE retrokonwersja2S.57331 
BE retrokonwersja2S.57332 
BE retrokonwersja2S.57333 
BE retrokonwersja2S.57334 
BE retrokonwersja2S.57335 
BE retrokonwersja2S.57336 
BE retrokonwersja2S.57337 
BE retrokonwersja2S.57338 
BE retrokonwersja2S.57339 
BE retrokonwersja2S.57340 
BE retrokonwersja2S.57341 
BE retrokonwersja2S.57342 
BE retrokonwersja2S.57343 
BE retrokonwersja2S.57344 
BE retrokonwersja2S.57345 
BE retrokonwersja2S.57346 
BE retrokonwersja2S.57347 
BE retrokonwersja2S.57348 
BE retrokonwersja2S.57349 
BE retrokonwersja2S.57350 
BE retrokonwersja2S.57351 
BE retrokonwersja2S.57352 
BE retrokonwersja2S.57353 
BE retrokonwersja2S.57354 
BE retrokonwersja2S.57355 
BE retrokonwersja2S.57356 
BE retrokonwersja2S.57357 
BE retrokonwersja2S.57359 
BE retrokonwersja2S.57360 
BE retrokonwersja-3S.53860 
BE retrokonwersja-3S.57358 
BG retrokonwersja-3W.125616W.125616
BG retrokonwersja-3W.125617W.125616
BG retrokonwersja1Z.60852 
BG retrokonwersja1N.9461